| 000 | 00536nam a22001697a 4500 | ||
|---|---|---|---|
| 999 |
_c68523 _d68520 |
||
| 082 | _aR/1EEF-18 | ||
| 100 | _aRabeea Soomro | ||
| 100 | _aRoll No. F-18EE03 | ||
| 100 | _aSupervisor - Engr. Muhammad Junaid Ahsan | ||
| 245 | _aDesign and Performance Analysis of Solar Chimney for Optimized Cooling of Building | ||
| 260 |
_aNawabshah _bQUEST _c2022 |
||
| 300 | _a36p | ||
| 700 | _aDepartment of Energy & Environment | ||
| 700 | _aRasheed Ahmed (Roll No. F-18EE25) | ||
| 700 | _aAssadullah (Roll No. F-18EE33) | ||
| 942 | _cTHESIS | ||